Podpora štátu v oblasti bývania a nehnuteľností v SR a tendencie vývoja

Štátna podpora v oblasti bývania a nehnuteľností zastúpená prostredníctvom daňových zvýhodnení, štátnej podpory hypotekárneho úverovania, stavebného sporenia a prostredníctvom Štátneho fondu rozvoja bývania. Návrh Ministertva výstavby, aby všetky nástroje podpory smerovali pre rodiny s príjmami max....

Ausführliche Beschreibung

Gespeichert in:
Bibliographische Detailangaben
1. Verfasser: Vermešová, Katarína, 1978-
Format: Buchkapitel
Sprache:Slowakisch
Schlagworte:
Tags: Tag hinzufügen
Keine Tags, Fügen Sie das erste Tag hinzu!

MARC

LEADER 00000naa$a2200000$$$4500
001 0091268
005 20240502072022.8
041 0 |a slo 
044 |a SK 
245 1 0 |a Podpora štátu v oblasti bývania a nehnuteľností v SR a tendencie vývoja  |c Katarína Vermešová 
520 |a Štátna podpora v oblasti bývania a nehnuteľností zastúpená prostredníctvom daňových zvýhodnení, štátnej podpory hypotekárneho úverovania, stavebného sporenia a prostredníctvom Štátneho fondu rozvoja bývania. Návrh Ministertva výstavby, aby všetky nástroje podpory smerovali pre rodiny s príjmami max. do výšky 3,5 násobku životného minima. Potreba stavať najmä menšie byty. Rozdiely v regiónoch. Využitie hypotekárneho úveru pre získanie peňažných prostriedkov na bývanie. 
610 2 0 |a bývanie 
610 2 0 |a byty 
610 2 0 |a nehnuteľnosti 
610 2 0 |a podpory 
610 2 0 |a financie 
610 2 0 |a úver hypotekárny 
610 2 0 |a sporenie stavebné 
610 2 0 |a fondy štátne 
610 2 0 |a Slovensko 
100 1 |a Vermešová, Katarína, 1978-